| 000 | 00705nam a2200205Ia 4500 | ||
|---|---|---|---|
| 003 | GCL | ||
| 008 | 140319s9999 xx 000 0 ara d | ||
| 020 | _a7356287977 | ||
| 040 |
_aGCL / _cGCL |
||
| 082 | 0 | 4 |
_a526.99 _bش ا |
| 100 | 1 | _aشريف فتحى الشافعى | |
| 245 | 1 | 0 |
_aاسس ومبادىء المساحة البحرية / _cشريف فتحى الشافعى |
| 260 |
_aالقاهرة : _bدار الكتب العلمية للنشر والتوزيع ، _c2004 |
||
| 300 |
_a166 ص ؛ _c24 سم |
||
| 650 | 0 | 4 | _aالهيدروليكا |
| 650 | 0 | 4 | _aالبحار والمحيطات |
| 650 | 0 | 4 | _aحساب المساحات |
| 650 | 0 | 4 | _aالمساحة البحرية |
| 942 |
_2ddc _cBK |
||
| 999 |
_c32888 _d32888 |
||